=LDR 00000nam 2200000 4500 =001 000447 =005 20250710043957 =035 ##$$a 0010-0725000309 =007 ta =008 250710################a##########0#ind## =020 ##$$a 978-623-307-457-5 =082 ##$$a 398.209 598 =084 ##$$a 398.209 598 HEL a =100 #$$a Hello English =245 1#$$a Aku Sudah Besar /$c Hello English =250 ##$$a Cetakan Pertama 2024 =260 ##$$a Jakarta :$b Badan Pengembangan dan Pembinaan Bahasa,$c 2022 =300 ##$$a 14 hlm : $b Ilus. ; $c 21 cm =650 #4$$a Cerita Anak Indonesia - Terjemahan =650 #4$$a Literasi- Bahan Bacaan =990 ##$$a TBM01720172